书目信息 |
| 题名: |
物权法案例选评
|
|
| 作者: | 马特 著 | |
| 分册: | ||
| 出版信息: | 对外经济贸易大学出版社 北京 2006 |
|
| 页数: | 387页 | |
| 开本: | 20cm | |
| 丛书名: | 国内法经典案例系列丛书 | |
| 单 册: | ||
| 中图分类: | D923.25 | |
| 科图分类: | ||
| 主题词: | 法律--中国 | |
| 电子资源: | ||
| ISBN: | 7-81078-706-3 | |
| 000 | 00615 nam 000229 | |
| 001 | 012000000865 | |
| 005 | 20070901155150.79 | |
| 010 | @a7-81078-706-3@dCNY20.00 | |
| 100 | @a20070715d2006 em y0chiy0121 ea | |
| 101 | @achi | |
| 102 | @aCN@b110000 | |
| 105 | @ay z 000yy | |
| 200 | 10 | @a物权法案例选评@9wu quan fa an li xuan ping@f马特著@Fma te zhu |
| 210 | @a对外经济贸易大学出版社@c北京@d2006 | |
| 215 | @a387页@d20cm | |
| 225 | @a国内法经典案例系列丛书 | |
| 606 | @a法律@x中国 | |
| 690 | @aD923.25@v4 | |
| 701 | 0 | @a马特@9ma te@4著 |
| 801 | @aCN@c20070901 | |
| 901 | @a000001 | |
| 905 | @dD923.25@eM172 | |
| 物权法案例选评/马特著.-对外经济贸易大学出版社:北京,2006 |
| 387页;20cm.-(国内法经典案例系列丛书) |
| ISBN 7-81078-706-3:CNY20.00 |
| ● |
| 相关链接 |
|
|
|
正题名:物权法案例选评
索取号:D923.25/M172
 
预约/预借
| 序号 | 登录号 | 条形码 | 馆藏地/架位号 | 状态 | 备注 |
| 1 | 642443 | 206424430 | 社科库509/ [索取号:D923.25/M172] | 在馆 | |
| 2 | 642444 | 206424449 | 社科库509/509社科库 92排2列5层/ [索取号:D923.25/M172] | 在馆 | |
| 3 | 642445 | 206424458 | 社科库509/509社科库 92排2列5层/ [索取号:D923.25/M172] | 在馆 |